Mystery XI #17 - Statistics

General Stats
  • This quiz has been taken 234 times
  • The average score is 8 of 11
Answer Stats
Answer % Correct
Petr Cech
100%
John Terry
92%
Frank Lampard
91%
Ricardo Carvalho
85%
Michael Essien
83%
Arjen Robben
80%
Hernan Crespo
68%
Claude Makelele
65%
Damien Duff
46%
Paulo Ferreira
43%
William Gallas
40%
No matching quizzes found
Score Distribution
Percent of People with Each Score
Percentile by Number Answered
Your Score History
You have not taken this quiz